[Event "55. Hungria ch"]
[Site "Kazincbarcika HUN"]
[Date "2005.05.10"]
[Round "1.1"]
[White "Portisch, Lajos"]
[Black "Cao Sang"]
[Result "1/2-1/2"]
[WhiteElo "2525"]
[BlackElo "2536"]
[PlyCount "53"]
[EventDate "2005.05.10"]
[EventType "tourn"]
[EventRounds "9"]
[EventCountry "HUN"]
[EventCategory "13"]
[Source "lmi"]
[SourceDate "2005.05.19"]

1. c4 Nf6 2. Nc3 e5 3. e3 Nc6 4. a3 g6 5. Nf3 d6 6. d3 Bg7 7. Be2 O-O 8. O-O a5
9. Rb1 h6 10. b4 axb4 11. axb4 Be6 12. b5 Ne7 13. Bb2 Nd7 14. Ra1 f5 15. Rxa8
Qxa8 16. Qc2 Qd8 17. d4 g5 18. dxe5 dxe5 19. Rd1 Qc8 20. Ne1 Nb6 21. Ba3 Re8
22. Bxe7 Rxe7 23. c5 Nd7 24. c6 bxc6 25. bxc6 Nb6 26. Nd3 Qa8 27. Nb4 1/2-1/2

[Event "55. Hungria ch"]
[Site "Kazincbarcika HUN"]
[Date "2005.05.10"]
[Round "1.3"]
[White "Balogh, Csaba"]
[Black "Ruck, Robert"]
[Result "1/2-1/2"]
[WhiteElo "2531"]
[BlackElo "2551"]
[PlyCount "81"]
[EventDate "2005.05.10"]
[EventType "tourn"]
[EventRounds "9"]
[EventCountry "HUN"]
[EventCategory "13"]
[Source "lmi"]
[SourceDate "2005.05.19"]

1. e4 c5 2. Nf3 d6 3. d4 cxd4 4. Nxd4 Nf6 5. Nc3 a6 6. Be3 Ng4 7. Bc1 Nf6 8.
Be3 Ng4 9. Bg5 h6 10. Bh4 g5 11. Bg3 Bg7 12. h3 Ne5 13. Nf5 Bxf5 14. exf5 Nbc6
15. Nd5 e6 16. fxe6 fxe6 17. Ne3 O-O 18. Be2 Qe7 19. O-O Rad8 20. Bh5 d5 21.
Re1 b5 22. c3 d4 23. cxd4 Nxd4 24. Bxe5 Bxe5 25. Qb1 Qh7 26. Qxh7+ Kxh7 27.
Rac1 Rc8 28. Rxc8 Rxc8 29. Nf5 exf5 30. Rxe5 Rc1+ 31. Kh2 Rc2 32. Re7+ Kg8 33.
Rd7 Rd2 34. Kh1 g4 35. g3 gxh3 36. b4 Kh8 37. Be8 Kg8 38. Bh5 Kh8 39. Be8 Kg8
40. Bh5 Kh8 41. Be8 1/2-1/2

[Event "55. Hungria ch"]
[Site "Kazincbarcika HUN"]
[Date "2005.05.10"]
[Round "1.4"]
[White "Berkes, Ferenc"]
[Black "Gyimesi, Zoltan"]
[Result "1/2-1/2"]
[WhiteElo "2617"]
[BlackElo "2595"]
[PlyCount "65"]
[EventDate "2005.05.10"]
[EventType "tourn"]
[EventRounds "9"]
[EventCountry "HUN"]
[EventCategory "13"]
[Source "lmi"]
[SourceDate "2005.05.19"]

1. d4 Nf6 2. c4 e6 3. Nf3 d5 4. Nc3 c5 5. e3 a6 6. cxd5 exd5 7. Be2 Nc6 8. O-O
Bd6 9. dxc5 Bxc5 10. b3 O-O 11. Na4 Ba7 12. Ba3 Re8 13. Rc1 Ne4 14. Bxa6 Bxe3
15. Rxc6 bxc6 16. Bxc8 Nxf2 17. Rxf2 Qxc8 18. Bc5 Bxf2+ 19. Bxf2 Qf5 20. Nc3 h6
21. h3 Qf4 22. Qd2 Qb4 23. Qd4 Qa3 24. Qg4 Re6 25. Bd4 Qc1+ 26. Kh2 Rg6 27. Qf5
Qf1 28. Qc2 Re8 29. Qf2 Qc1 30. Qd2 Qf1 31. Qf2 Qc1 32. Ne2 Qc2 33. Nc3 1/2-1/2

[Event "55. Hungria ch"]
[Site "Kazincbarcika HUN"]
[Date "2005.05.10"]
[Round "1.5"]
[White "Erdos, Viktor"]
[Black "Varga, Zoltan"]
[Result "1/2-1/2"]
[WhiteElo "2480"]
[BlackElo "2515"]
[PlyCount "91"]
[EventDate "2005.05.10"]
[EventType "tourn"]
[EventRounds "9"]
[EventCountry "HUN"]
[EventCategory "13"]
[Source "lmi"]
[SourceDate "2005.05.19"]

1. d4 d5 2. c4 c6 3. Nf3 Nf6 4. e3 Bf5 5. Nc3 e6 6. Bd3 Bg6 7. O-O Nbd7 8. b3
Bd6 9. Bb2 O-O 10. Bxg6 hxg6 11. Qc2 dxc4 12. bxc4 e5 13. h3 exd4 14. exd4 Re8
15. Nd2 Qe7 16. Rad1 Rac8 17. Nf3 Qe6 18. Qd3 Qf5 19. Rfe1 Qxd3 20. Rxd3 Rxe1+
21. Nxe1 Nb6 22. c5 Nc4 23. Bc1 Bf8 24. Bg5 b6 25. Nf3 Nd7 26. cxb6 axb6 27. d5
c5 28. Bf4 Ra8 29. Nd2 Na3 30. d6 b5 31. Nde4 f6 32. Be3 c4 33. Rd5 b4 34. Nb5
Nc2 35. Ba7 c3 36. Nc5 Rd8 37. Nxd7 Rxd7 38. Bc5 Kf7 39. Rd1 Na3 40. Nxa3 bxa3
41. Bxa3 c2 42. Rc1 Ra7 43. Bb2 Bxd6 44. Rxc2 Rxa2 45. Rc6 Ke6 46. Rb6 1/2-1/2

[Event "55. Hungria ch"]
[Site "Kazincbarcika HUN"]
[Date "2005.05.11"]
[Round "2.1"]
[White "Cao Sang"]
[Black "Varga, Zoltan"]
[Result "1/2-1/2"]
[WhiteElo "2536"]
[BlackElo "2515"]
[PlyCount "93"]
[EventDate "2005.05.10"]
[EventType "tourn"]
[EventRounds "9"]
[EventCountry "HUN"]
[EventCategory "13"]
[Source "lmi"]
[SourceDate "2005.05.19"]

1. d4 d5 2. Bg5 f6 3. Bf4 c5 4. e3 Nc6 5. Nf3 cxd4 6. exd4 Bg4 7. Be2 Qb6 8.
Nbd2 O-O-O 9. O-O e6 10. c4 Bxf3 11. Nxf3 dxc4 12. Bxc4 e5 13. Bg3 Nxd4 14.
Nxd4 Rxd4 15. Qc2 Ne7 16. Kh1 Nc6 17. f4 exf4 18. Bxf4 Bd6 19. Be3 Kb8 20. Bxd4
Nxd4 21. Qd3 Be5 22. Rad1 Qxb2 23. Rd2 Qb6 24. Rb1 Qc6 25. Ba6 b6 26. Rdd1 Ne6
27. Rbc1 Nc5 28. Rxc5 Qxc5 29. Qe4 Qc7 30. Be2 a5 31. Bf3 Ka7 32. g3 g6 33. Qd5
Rb8 34. a4 Re8 35. Kg2 h5 36. Rc1 Qe7 37. Rd1 Rc8 38. Qb5 Qe6 39. Rd7+ Rc7 40.
Rxc7+ Bxc7 41. Qc6 Qxc6 42. Bxc6 g5 43. h3 Be5 44. g4 h4 45. Bb5 Kb7 46. Be8
Kc7 47. Bb5 1/2-1/2

[Event "55. Hungria ch"]
[Site "Kazincbarcika HUN"]
[Date "2005.05.11"]
[Round "2.2"]
[White "Gyimesi, Zoltan"]
[Black "Erdos, Viktor"]
[Result "1-0"]
[WhiteElo "2595"]
[BlackElo "2480"]
[PlyCount "99"]
[EventDate "2005.05.10"]
[EventType "tourn"]
[EventRounds "9"]
[EventCountry "HUN"]
[EventCategory "13"]
[Source "lmi"]
[SourceDate "2005.05.19"]

1. d4 d5 2. c4 c6 3. Nf3 Nf6 4. Nc3 a6 5. c5 Nbd7 6. Bf4 Nh5 7. g3 g6 8. Qd2
Nxf4 9. gxf4 Nf6 10. e3 Bf5 11. Bd3 e6 12. Ne5 Bxd3 13. Qxd3 Bg7 14. O-O-O Nh5
15. Ne2 f6 16. Nf3 Qe7 17. Ng3 Nxg3 18. hxg3 O-O-O 19. Qc3 Rde8 20. Rh4 e5 21.
Rdh1 exf4 22. gxf4 h6 23. Qc2 g5 24. Rh5 Qd7 25. f5 Re7 26. Nh2 Re4 27. Nf1
Qxf5 28. Ng3 Qe6 29. Nxe4 dxe4 30. b3 f5 31. Qc4 Qf6 32. b4 f4 33. a4 Kc7 34.
b5 axb5 35. axb5 Ra8 36. b6+ Kd7 37. Rxh6 Bxh6 38. Rxh6 Qxh6 39. Qf7+ Kd8 40.
Qg8+ Ke7 41. Qxa8 Qe6 42. Qxb7+ Kf6 43. Kb2 fxe3 44. fxe3 g4 45. Qc7 Qc4 46.
Qf4+ Ke7 47. Qxe4+ Kf6 48. Qf4+ Ke7 49. Qxg4 Qb4+ 50. Kc2 1-0

[Event "55. Hungria ch"]
[Site "Kazincbarcika HUN"]
[Date "2005.05.11"]
[Round "2.3"]
[White "Ruck, Robert"]
[Black "Berkes, Ferenc"]
[Result "1/2-1/2"]
[WhiteElo "2551"]
[BlackElo "2617"]
[PlyCount "30"]
[EventDate "2005.05.10"]
[EventType "tourn"]
[EventRounds "9"]
[EventCountry "HUN"]
[EventCategory "13"]
[Source "lmi"]
[SourceDate "2005.05.19"]

1. c4 Nf6 2. d4 e6 3. g3 Bb4+ 4. Bd2 a5 5. Bg2 d5 6. Qc2 Nc6 7. Nf3 dxc4 8.
Qxc4 Qd5 9. Qxd5 exd5 10. O-O Bxd2 11. Nbxd2 Ne7 12. Rfc1 c6 13. Ne5 O-O 14. e3
Ne8 15. Nd3 Nd6 1/2-1/2

[Event "55. Hungria ch"]
[Site "Kazincbarcika HUN"]
[Date "2005.05.11"]
[Round "2.5"]
[White "Portisch, Lajos"]
[Black "Horvath, Adam"]
[Result "1/2-1/2"]
[WhiteElo "2525"]
[BlackElo "2555"]
[PlyCount "40"]
[EventDate "2005.05.10"]
[EventType "tourn"]
[EventRounds "9"]
[EventCountry "HUN"]
[EventCategory "13"]
[Source "lmi"]
[SourceDate "2005.05.19"]

1. g3 c5 2. Bg2 Nc6 3. c4 g6 4. Nc3 Bg7 5. d3 d6 6. Qd2 e5 7. Rb1 Nge7 8. a3 a5
9. e3 Be6 10. Nd5 Rb8 11. Nxe7 Nxe7 12. b4 axb4 13. axb4 b5 14. bxc5 bxc4 15.
Rxb8 Qxb8 16. cxd6 Qxd6 17. dxc4 Qxd2+ 18. Kxd2 Bxc4 19. Ba3 Kd7 20. Ne2 Rb8
1/2-1/2

[Event "55. Hungria ch"]
[Site "Kazincbarcika HUN"]
[Date "2005.05.12"]
[Round "3.1"]
[White "Horvath, Adam"]
[Black "Cao Sang"]
[Result "1-0"]
[WhiteElo "2555"]
[BlackElo "2536"]
[PlyCount "81"]
[EventDate "2005.05.10"]
[EventType "tourn"]
[EventRounds "9"]
[EventCountry "HUN"]
[EventCategory "13"]
[Source "lmi"]
[SourceDate "2005.05.19"]

1. e4 c5 2. Nf3 Nc6 3. d4 cxd4 4. Nxd4 Nf6 5. Nc3 e5 6. Ndb5 d6 7. Bg5 a6 8.
Na3 b5 9. Nd5 Be7 10. Bxf6 Bxf6 11. c3 Bg5 12. Nc2 O-O 13. a4 bxa4 14. Rxa4 a5
15. Bc4 Rb8 16. Ra2 Kh8 17. Nce3 f5 18. Nxf5 Bxf5 19. exf5 Rxf5 20. Qg4 Qf8 21.
Bd3 e4 22. Bxe4 Rxf2 23. Qxg5 Re8 24. Qe3 Ne5 25. h3 Qf7 26. Rxa5 Rf8 27. Ra7
Rf1+ 28. Ke2 Rf2+ 29. Ke1 Rf1+ 30. Ke2 Rf2+ 31. Kd1 Qh5+ 32. g4 Qh4 33. b3 g6
34. Kc1 Rb8 35. g5 Rxb3 36. Nf6 Rxf6 37. gxf6 Qxf6 38. Ra8+ Kg7 39. Rg8+ Kxg8
40. Bd5+ Kg7 41. Bxb3 1-0

[Event "55. Hungria ch"]
[Site "Kazincbarcika HUN"]
[Date "2005.05.12"]
[Round "3.2"]
[White "Balogh, Csaba"]
[Black "Portisch, Lajos"]
[Result "1/2-1/2"]
[WhiteElo "2531"]
[BlackElo "2525"]
[PlyCount "73"]
[EventDate "2005.05.10"]
[EventType "tourn"]
[EventRounds "9"]
[EventCountry "HUN"]
[EventCategory "13"]
[Source "lmi"]
[SourceDate "2005.05.19"]

1. e4 e5 2. Nf3 Nc6 3. Bb5 a6 4. Bxc6 dxc6 5. O-O Qd6 6. Na3 Be6 7. Qe2 f6 8.
Rd1 c5 9. c3 Bg4 10. h3 Bxf3 11. Qxf3 Ne7 12. d4 cxd4 13. cxd4 Ng6 14. dxe5
Qxe5 15. Nc4 Qb5 16. Ne3 Bc5 17. Nd5 Bd6 18. a4 Qd7 19. Qb3 Qf7 20. Qxb7 O-O
21. f4 Kh8 22. Qc6 Qe8 23. Qc4 c6 24. Nb4 Bxf4 25. Qxc6 Qe7 26. Nd3 Rfc8 27.
Qd5 Rd8 28. Qf5 Bc7 29. Be3 Qd6 30. Kf1 Qe7 31. b4 Bd6 32. Bc5 Nh4 33. Bxd6
Rxd6 34. Qf4 Ng6 35. Qe3 Rad8 36. Qe2 Rd4 37. Nc5 1/2-1/2

[Event "55. Hungria ch"]
[Site "Kazincbarcika HUN"]
[Date "2005.05.12"]
[Round "3.4"]
[White "Erdos, Viktor"]
[Black "Ruck, Robert"]
[Result "1/2-1/2"]
[WhiteElo "2480"]
[BlackElo "2551"]
[PlyCount "54"]
[EventDate "2005.05.10"]
[EventType "tourn"]
[EventRounds "9"]
[EventCountry "HUN"]
[EventCategory "13"]
[Source "lmi"]
[SourceDate "2005.05.19"]

1. d4 Nf6 2. c4 e6 3. Nc3 Bb4 4. Qc2 O-O 5. a3 Bxc3+ 6. Qxc3 b6 7. Bg5 Bb7 8.
Nf3 d6 9. Nd2 Nbd7 10. e3 Rc8 11. b4 h6 12. Bh4 Nd5 13. Bxd8 Nxc3 14. Bh4 e5
15. dxe5 Nxe5 16. f3 a5 17. Kf2 axb4 18. axb4 Ra8 19. Be2 Bc6 20. Bg3 Bd7 21.
Rhc1 Nxe2 22. Kxe2 f6 23. Bxe5 dxe5 24. Kd3 Kf7 25. Kc3 Rfd8 26. Nb3 Ke7 27. b5
c6 1/2-1/2

[Event "55. Hungria ch"]
[Site "Kazincbarcika HUN"]
[Date "2005.05.12"]
[Round "3.5"]
[White "Varga, Zoltan"]
[Black "Gyimesi, Zoltan"]
[Result "0-1"]
[WhiteElo "2515"]
[BlackElo "2595"]
[PlyCount "58"]
[EventDate "2005.05.10"]
[EventType "tourn"]
[EventRounds "9"]
[EventCountry "HUN"]
[EventCategory "13"]
[Source "lmi"]
[SourceDate "2005.05.19"]

1. e4 e5 2. Nf3 Nc6 3. Nc3 Nf6 4. Bb5 Nd4 5. Bd3 Nxf3+ 6. Qxf3 d6 7. Bc4 Be6 8.
d3 Qd7 9. h3 Be7 10. Be3 c6 11. Bb3 O-O 12. g4 d5 13. g5 Nxe4 14. Nxe4 dxe4 15.
Qxe4 Bd6 16. O-O-O Bf5 17. Qg2 a5 18. d4 a4 19. Bc4 e4 20. a3 b5 21. Ba2 b4 22.
axb4 Bxb4 23. c3 a3 24. cxb4 axb2+ 25. Kxb2 Rxa2+ 26. Kxa2 Qd5+ 27. Kb2 Be6 28.
Rd2 Qb3+ 29. Kc1 Ra8 0-1

[Event "55. Hungria ch"]
[Site "Kazincbarcika HUN"]
[Date "2005.05.13"]
[Round "4.1"]
[White "Cao Sang"]
[Black "Gyimesi, Zoltan"]
[Result "1/2-1/2"]
[WhiteElo "2536"]
[BlackElo "2595"]
[PlyCount "70"]
[EventDate "2005.05.10"]
[EventType "tourn"]
[EventRounds "9"]
[EventCountry "HUN"]
[EventCategory "13"]
[Source "lmi"]
[SourceDate "2005.05.19"]
[WhiteTeam "Hungary"]
[BlackTeam "Hungary"]
[WhiteTeamCountry "HUN"]
[BlackTeamCountry "HUN"]

1. d4 Nf6 2. Bg5 d5 3. e3 c6 4. Bxf6 exf6 5. c4 dxc4 6. Bxc4 Bd6 7. Nc3 O-O 8.
Nf3 Nd7 9. O-O f5 10. Qc2 Nf6 11. Rfd1 Qe7 12. a4 g6 13. a5 Bd7 14. d5 cxd5 15.
Nxd5 Nxd5 16. Bxd5 Be6 17. Qb3 Bxd5 18. Rxd5 Rad8 19. Rad1 Bc7 20. g3 Rxd5 21.
Rxd5 b6 22. a6 Qe4 23. Qd1 b5 24. Kg2 b4 25. Qd4 Bb6 26. Qxe4 fxe4 27. Nd2 Rc8
28. b3 f5 29. Nc4 Bc5 30. h3 Kf7 31. Rd7+ Ke6 32. Rxh7 Rc6 33. Rg7 Kd5 34. Rd7+
Ke6 35. Rg7 Kd5 1/2-1/2

[Event "55. Hungria ch"]
[Site "Kazincbarcika HUN"]
[Date "2005.05.13"]
[Round "4.2"]
[White "Ruck, Robert"]
[Black "Varga, Zoltan"]
[Result "1/2-1/2"]
[WhiteElo "2551"]
[BlackElo "2515"]
[PlyCount "49"]
[EventDate "2005.05.10"]
[EventType "tourn"]
[EventRounds "9"]
[EventCountry "HUN"]
[EventCategory "13"]
[Source "lmi"]
[SourceDate "2005.05.19"]
[WhiteTeam "Hungary"]
[BlackTeam "Hungary"]
[WhiteTeamCountry "HUN"]
[BlackTeamCountry "HUN"]

1. e4 e5 2. Nf3 Nc6 3. c3 Nf6 4. d4 Nxe4 5. d5 Nb8 6. Nxe5 Qe7 7. Qd4 f5 8. Be2
Qf6 9. Nd2 Nxd2 10. Bxd2 Be7 11. O-O-O O-O 12. Rhe1 d6 13. Nf3 Qxd4 14. Nxd4
Bf6 15. Be3 Bd7 16. g3 a5 17. Bd3 g6 18. Bh6 Rc8 19. h4 Na6 20. h5 Nc5 21. Bc2
Re8 22. hxg6 hxg6 23. g4 Bxd4 24. cxd4 Ne4 25. gxf5 1/2-1/2

[Event "55. Hungria ch"]
[Site "Kazincbarcika HUN"]
[Date "2005.05.13"]
[Round "4.5"]
[White "Horvath, Adam"]
[Black "Balogh, Csaba"]
[Result "0-1"]
[WhiteElo "2555"]
[BlackElo "2531"]
[PlyCount "38"]
[EventDate "2005.05.10"]
[EventType "tourn"]
[EventRounds "9"]
[EventCountry "HUN"]
[EventCategory "13"]
[Source "lmi"]
[SourceDate "2005.05.19"]
[WhiteTeam "Hungary"]
[BlackTeam "Hungary"]
[WhiteTeamCountry "HUN"]
[BlackTeamCountry "HUN"]

1. e4 c5 2. Nf3 e6 3. d4 cxd4 4. Nxd4 a6 5. Bd3 Bc5 6. Nb3 Ba7 7. O-O Nc6 8.
Qg4 Nf6 9. Qxg7 Rg8 10. Qh6 Ne5 11. Nc3 b5 12. Bf4 Neg4 13. Qh4 Nxf2 14. Rxf2
Rg4 15. Qh6 Ng8 16. Qxh7 Bxf2+ 17. Kxf2 Rxf4+ 18. Ke2 Qg5 19. g3 Rf6 0-1

[Event "55. Hungria ch"]
[Site "Kazincbarcika HUN"]
[Date "2005.05.14"]
[Round "5.1"]
[White "Balogh, Csaba"]
[Black "Cao Sang"]
[Result "1/2-1/2"]
[WhiteElo "2531"]
[BlackElo "2536"]
[PlyCount "87"]
[EventDate "2005.05.10"]
[EventType "tourn"]
[EventRounds "9"]
[EventCountry "HUN"]
[EventCategory "13"]
[Source "lmi"]
[SourceDate "2005.05.19"]
[WhiteTeam "Hungary"]
[BlackTeam "Hungary"]
[WhiteTeamCountry "HUN"]
[BlackTeamCountry "HUN"]

1. e4 c5 2. Nf3 d6 3. d4 cxd4 4. Nxd4 Nf6 5. Nc3 Nc6 6. Bg5 a6 7. Bxf6 gxf6 8.
Qd2 e6 9. O-O-O Bd7 10. f4 Qa5 11. Kb1 Nxd4 12. Qxd4 Be7 13. Qe3 Qc5 14. Qg3
O-O-O 15. Be2 Kb8 16. Qh3 h5 17. f5 h4 18. Bg4 Qe5 19. Qf3 Rc8 20. Nd5 Bd8 21.
Nf4 exf5 22. Bxf5 Bxf5 23. exf5 Qxf5 24. Rd3 Rc4 25. Nd5 Qxf3 26. Rxf3 Rg8 27.
Rd1 Re4 28. Rf2 Rge8 29. c3 Re2 30. Rd2 Rxd2 31. Rxd2 f5 32. Kc2 Bg5 33. Rf2
Re5 34. c4 Be3 35. Nxe3 Rxe3 36. Kd2 Re4 37. Kd3 Rg4 38. h3 Rg3+ 39. Ke2 Ka7
40. Kf1 Rd3 41. Ke2 Rg3 42. Kf1 Rd3 43. Ke2 Rg3 44. Kf1 1/2-1/2

[Event "55. Hungria ch"]
[Site "Kazincbarcika HUN"]
[Date "2005.05.14"]
[Round "5.2"]
[White "Berkes, Ferenc"]
[Black "Horvath, Adam"]
[Result "1-0"]
[WhiteElo "2617"]
[BlackElo "2555"]
[PlyCount "101"]
[EventDate "2005.05.10"]
[EventType "tourn"]
[EventRounds "9"]
[EventCountry "HUN"]
[EventCategory "13"]
[Source "lmi"]
[SourceDate "2005.05.19"]
[WhiteTeam "Hungary"]
[BlackTeam "Hungary"]
[WhiteTeamCountry "HUN"]
[BlackTeamCountry "HUN"]

1. d4 Nf6 2. c4 e6 3. Nf3 d5 4. Nc3 c5 5. cxd5 Nxd5 6. g3 Nc6 7. Bg2 cxd4 8.
Nxd4 Nxc3 9. bxc3 Nxd4 10. Qxd4 Qxd4 11. cxd4 Bb4+ 12. Bd2 Bxd2+ 13. Kxd2 Ke7
14. a4 Rd8 15. Ke3 Rb8 16. a5 Bd7 17. Rhb1 Bc6 18. Bxc6 bxc6 19. Kd3 Rb5 20. a6
Rdb8 21. Rc1 Kd6 22. h4 h5 23. Rc3 Rb1 24. Ra4 R8b2 25. Rac4 Rb6 26. Ra4 R6b4
27. Ra5 Rb5 28. Ra4 g6 29. e4 Re1 30. e5+ Kd7 31. Kd2 Reb1 32. Rac4 Rb6 33. Rf3
Ke7 34. Rfc3 R1b2+ 35. Ke3 Kd7 36. f3 Rxa6 37. Kf4 Ke7 38. Kg5 Rg2 39. f4 Rb6
40. Kh6 Kf8 41. Rxc6 Rxc6 42. Rxc6 Rxg3 43. Rc8+ Ke7 44. Kg7 Rg4 45. Rc7+ Ke8
46. Rxf7 a5 47. d5 exd5 48. e6 d4 49. f5 gxf5+ 50. Kf6 Re4 51. Ra7 1-0

[Event "55. Hungria ch"]
[Site "Kazincbarcika HUN"]
[Date "2005.05.14"]
[Round "5.3"]
[White "Erdos, Viktor"]
[Black "Portisch, Lajos"]
[Result "1/2-1/2"]
[WhiteElo "2480"]
[BlackElo "2525"]
[PlyCount "69"]
[EventDate "2005.05.10"]
[EventType "tourn"]
[EventRounds "9"]
[EventCountry "HUN"]
[EventCategory "13"]
[Source "lmi"]
[SourceDate "2005.05.19"]
[WhiteTeam "Hungary"]
[BlackTeam "Hungary"]
[WhiteTeamCountry "HUN"]
[BlackTeamCountry "HUN"]

1. d4 Nf6 2. c4 e6 3. Nc3 Bb4 4. Qc2 c5 5. dxc5 Bxc5 6. Bf4 Nh5 7. Bg3 Qa5 8.
e3 Bb4 9. Nge2 Nc6 10. O-O-O a6 11. a3 Be7 12. Bd6 Bxd6 13. Rxd6 Nf6 14. Ng3
O-O 15. Nge4 Nxe4 16. Qxe4 f5 17. Qc2 Rb8 18. Qa4 Qc7 19. Rd2 b6 20. Be2 Bb7
21. f4 d6 22. Rhd1 Rbd8 23. Kb1 Ne7 24. Bf3 Nc8 25. Bxb7 Qxb7 26. g3 Rf7 27.
Rd4 h6 28. e4 fxe4 29. Rxe4 Re7 30. Rde1 Kf7 31. Qd1 Qd7 32. Qh5+ Kf8 33. Qg4
d5 34. Rd4 b5 35. cxd5 1/2-1/2

[Event "55. Hungria ch"]
[Site "Kazincbarcika HUN"]
[Date "2005.05.14"]
[Round "5.4"]
[White "Varga, Zoltan"]
[Black "Almasi, Zoltan"]
[Result "1/2-1/2"]
[WhiteElo "2515"]
[BlackElo "2628"]
[PlyCount "42"]
[EventDate "2005.05.10"]
[EventType "tourn"]
[EventRounds "9"]
[EventCountry "HUN"]
[EventCategory "13"]
[Source "lmi"]
[SourceDate "2005.05.19"]
[WhiteTeam "Hungary"]
[BlackTeam "Hungary"]
[WhiteTeamCountry "HUN"]
[BlackTeamCountry "HUN"]

1. d4 Nf6 2. c4 e6 3. Nc3 Bb4 4. Qb3 c5 5. dxc5 Nc6 6. Bg5 h6 7. Bxf6 Qxf6 8.
Nf3 Bxc3+ 9. Qxc3 Qxc3+ 10. bxc3 b6 11. cxb6 axb6 12. e3 Ke7 13. Be2 Ra4 14.
O-O Ba6 15. Nd2 Ne5 16. Rfb1 Nxc4 17. Bxc4 Bxc4 18. Nxc4 Rxc4 19. Rxb6 Rxc3 20.
Rb2 Rhc8 21. h4 Rc1+ 1/2-1/2

[Event "55. Hungria ch"]
[Site "Kazincbarcika HUN"]
[Date "2005.05.14"]
[Round "5.5"]
[White "Gyimesi, Zoltan"]
[Black "Ruck, Robert"]
[Result "1/2-1/2"]
[WhiteElo "2595"]
[BlackElo "2551"]
[PlyCount "31"]
[EventDate "2005.05.10"]
[EventType "tourn"]
[EventRounds "9"]
[EventCountry "HUN"]
[EventCategory "13"]
[Source "lmi"]
[SourceDate "2005.05.19"]
[WhiteTeam "Hungary"]
[BlackTeam "Hungary"]
[WhiteTeamCountry "HUN"]
[BlackTeamCountry "HUN"]

1. d4 Nf6 2. c4 e6 3. Nf3 d5 4. Nc3 c6 5. e3 Nbd7 6. Qc2 Bd6 7. Bd3 O-O 8. O-O
dxc4 9. Bxc4 a6 10. Rd1 b5 11. Be2 Qc7 12. e4 e5 13. g3 Re8 14. a3 exd4 15.
Nxd4 Be5 16. Bf3 1/2-1/2

[Event "55. Hungria ch"]
[Site "Kazincbarcika HUN"]
[Date "2005.05.15"]
[Round "6.1"]
[White "Cao Sang"]
[Black "Ruck, Robert"]
[Result "1/2-1/2"]
[WhiteElo "2536"]
[BlackElo "2551"]
[PlyCount "52"]
[EventDate "2005.05.10"]
[EventType "tourn"]
[EventRounds "9"]
[EventCountry "HUN"]
[EventCategory "13"]
[Source "lmi"]
[SourceDate "2005.05.19"]
[WhiteTeam "Hungary"]
[BlackTeam "Hungary"]
[WhiteTeamCountry "HUN"]
[BlackTeamCountry "HUN"]

1. e4 c5 2. Nf3 d6 3. d4 cxd4 4. Nxd4 Nf6 5. Nc3 a6 6. Be3 Ng4 7. Bg5 h6 8. Bh4
g5 9. Bg3 Bg7 10. Bc4 Nc6 11. Nxc6 bxc6 12. Qf3 Rf8 13. Bb3 Qb6 14. h4 Ne5 15.
Bxe5 Bxe5 16. hxg5 hxg5 17. O-O-O g4 18. Qe2 a5 19. Na4 Qa7 20. Kb1 Rb8 21. Qd2
Rb4 22. f4 gxf3 23. gxf3 Rd4 24. Qc1 Rxd1 25. Rxd1 Rg8 26. f4 Bd4 1/2-1/2

[Event "55. Hungria ch"]
[Site "Kazincbarcika HUN"]
[Date "2005.05.15"]
[Round "6.4"]
[White "Horvath, Adam"]
[Black "Erdos, Viktor"]
[Result "1/2-1/2"]
[WhiteElo "2555"]
[BlackElo "2480"]
[PlyCount "21"]
[EventDate "2005.05.10"]
[EventType "tourn"]
[EventRounds "9"]
[EventCountry "HUN"]
[EventCategory "13"]
[Source "lmi"]
[SourceDate "2005.05.19"]
[WhiteTeam "Hungary"]
[BlackTeam "Hungary"]
[WhiteTeamCountry "HUN"]
[BlackTeamCountry "HUN"]

1. e4 e6 2. d4 d5 3. e5 c5 4. c3 Nc6 5. Nf3 Nge7 6. a3 Bd7 7. b4 cxd4 8. cxd4
Nf5 9. Bb2 b5 10. Nbd2 a5 11. Bxb5 1/2-1/2

[Event "55. Hungria ch"]
[Site "Kazincbarcika HUN"]
[Date "2005.05.15"]
[Round "6.5"]
[White "Balogh, Csaba"]
[Black "Berkes, Ferenc"]
[Result "1/2-1/2"]
[WhiteElo "2531"]
[BlackElo "2617"]
[PlyCount "115"]
[EventDate "2005.05.10"]
[EventType "tourn"]
[EventRounds "9"]
[EventCountry "HUN"]
[EventCategory "13"]
[Source "lmi"]
[SourceDate "2005.05.19"]
[WhiteTeam "Hungary"]
[BlackTeam "Hungary"]
[WhiteTeamCountry "HUN"]
[BlackTeamCountry "HUN"]

1. e4 e6 2. d4 d5 3. Nd2 Ne7 4. Ngf3 Nd7 5. g3 c5 6. Bg2 g6 7. exd5 exd5 8.
dxc5 Nxc5 9. Nb3 Ne6 10. Nfd4 Bg7 11. Be3 O-O 12. O-O Nc6 13. Re1 Re8 14. Nxe6
Bxe6 15. c3 Rc8 16. Nd4 Qd7 17. f4 Bxd4 18. Bxd4 Bh3 19. Rxe8+ Rxe8 20. Bxh3
Qxh3 21. Bf2 Qf5 22. Qd2 h5 23. Rd1 h4 24. Qxd5 Rd8 25. Qf3 Rxd1+ 26. Qxd1 h3
27. b4 g5 28. Qe2 gxf4 29. gxf4 Qxf4 30. b5 Qg5+ 31. Bg3 Ne7 32. Kf2 Qf5+ 33.
Ke1 Nd5 34. Kd2 Nf6 35. Qe5 Qf3 36. Kc2 Ne4 37. Bf4 Qe2+ 38. Kb3 b6 39. a4 Nc5+
40. Ka3 Qxe5 41. Bxe5 f5 42. Bb8 Nd7 43. Bxa7 f4 44. a5 bxa5 45. Bf2 Kf7 46. c4
Ke7 47. c5 Kd8 48. Ka4 Ne5 49. Kxa5 Nd3 50. Bd4 f3 51. Ka6 f2 52. Bxf2 Nxf2 53.
b6 Nd3 54. c6 Nb4+ 55. Kb7 Nxc6 56. Kxc6 Kc8 57. b7+ Kb8 58. Kb6 1/2-1/2

[Event "55. Hungria ch"]
[Site "Kazincbarcika HUN"]
[Date "2005.05.16"]
[Round "7.1"]
[White "Berkes, Ferenc"]
[Black "Cao Sang"]
[Result "1-0"]
[WhiteElo "2617"]
[BlackElo "2536"]
[PlyCount "85"]
[EventDate "2005.05.10"]
[EventType "tourn"]
[EventRounds "9"]
[EventCountry "HUN"]
[EventCategory "13"]
[Source "lmi"]
[SourceDate "2005.05.19"]
[WhiteTeam "Hungary"]
[BlackTeam "Hungary"]
[WhiteTeamCountry "HUN"]
[BlackTeamCountry "HUN"]

1. d4 Nf6 2. c4 c5 3. d5 b5 4. cxb5 a6 5. bxa6 Bxa6 6. Nc3 d6 7. Nf3 g6 8. g3
Bg7 9. Bg2 Nbd7 10. Rb1 O-O 11. b3 Qa5 12. Bd2 Rfb8 13. O-O Ng4 14. Qc2 Qd8 15.
h3 Ngf6 16. Rfe1 Ne8 17. a4 Nc7 18. e4 Ra7 19. Na2 e6 20. b4 exd5 21. b5 dxe4
22. Ng5 d5 23. bxa6 h6 24. Nxe4 dxe4 25. Nc3 Rxa6 26. Nxe4 Ne6 27. a5 Rxb1 28.
Rxb1 Ra7 29. Kh1 Kh7 30. Be1 Nf6 31. Qc4 Nxe4 32. Bxe4 Qc8 33. h4 Nd4 34. Bg2
Qf5 35. Rc1 Re7 36. a6 g5 37. Qd5 Re5 38. Qxe5 Qxe5 39. a7 gxh4 40. a8=Q f5 41.
Qd5 Qe2 42. gxh4 c4 43. Qxc4 1-0